Legal ethics and jurisprudence in nation building /
Salvato in:
| Altri autori: | , |
|---|---|
| Natura: | Libro |
| Pubblicazione: |
Nairobi :
Strathmore University Press : LawAfrica Pub. Ltd.,
c2005.
|
| Soggetti: | |
| Tags: |
Aggiungi Tag
Nessun Tag, puoi essere il primo ad aggiungerne!!
|
MARC
| LEADER | 00000cam a22000004a 4500 | ||
|---|---|---|---|
| 005 | 20251008064518.0 | ||
| 020 | |a 9966703446 |c TZS 15,908/= | ||
| 040 | |a MCCL |b eng. |e AACR 2nd rev. ed. | ||
| 082 | |a 340.1 LEG | ||
| 245 | 1 | 0 | |a Legal ethics and jurisprudence in nation building / |c edited by Luis G. Franceschi and Andrew M. Ritho. |
| 260 | |a Nairobi : |b Strathmore University Press : |b LawAfrica Pub. Ltd., |c c2005. | ||
| 300 | |a viii, 322 p. ; |c 24 cm. | ||
| 500 | |a "On 29-30 October 2004, Strathmore University held its Second Annual Ethics Conference"--P. [4] of cover. | ||
| 504 | |a Includes bibliographical references. | ||
| 650 | 0 | |a Legal ethics |z Kenya |v Congresses. | |
| 650 | 0 | |a Legal ethics |v Congresses. | |
| 650 | 0 | |a Justice |v Congresses. | |
| 650 | 0 | |a Jurisprudence |v Congresses. | |
| 650 | 0 | |a Nation-building |v Congresses. | |
| 700 | 1 | |a Franceschi, Luis G. |c (editor) | |
| 700 | 1 | |a Ritho, Andrew M. |c (editor) | |
| 942 | |c BK | ||
| 999 | |c 12262 |d 12262 | ||